000
00312nam a22001337a 4500
003
OSt
008
250322b |||||||| |||| 00| 0 eng d
041
_a
eng
082
_a
621.942
_b
BOG/AU
100
_a
Boguslavsky, B. L
_9
7326
245
_a
Automatic and semi-automatic lathes /
300
_a
446p.
942
_c
BK
999
_c
19463
_d
19463